La primavera de los herejes. Política cultural en los primeros años de la Revolución (1959-1961) /
Trata sobre la política cultural en Cuba y el proceso que se dió en Cuba para que con la cultura y la política se haya establecido un equilibrio durante el proyecto revolucionario.
Salvato in:
| Autore principale: | |
|---|---|
| Natura: | Libro |
| Lingua: | Spanish |
| Pubblicazione: |
La Habana, Cuba:
Instituto Cubano del Libro,
1974-
|
| Soggetti: | |
| Tags: |
Aggiungi Tag
Nessun Tag, puoi essere il primo ad aggiungerne!!
|
MARC
| LEADER | 00000nam a22000007a 4500 | ||
|---|---|---|---|
| 008 | 140930s2009 cu ||||| |||| 00| b|spa d | ||
| 022 | |a 0047-1542 | ||
| 040 | |a CIICLA | ||
| 082 | |a Isla: revista | ||
| 100 | 1 | |a Herrera Carpio, Harol | |
| 245 | 1 | 2 | |a La primavera de los herejes. Política cultural en los primeros años de la Revolución (1959-1961) / |c Harol Herrera Carpio |
| 260 | |a La Habana, Cuba: |b Instituto Cubano del Libro, |c 1974- | ||
| 300 | |a páginas 163-172 | ||
| 520 | |a Trata sobre la política cultural en Cuba y el proceso que se dió en Cuba para que con la cultura y la política se haya establecido un equilibrio durante el proyecto revolucionario. | ||
| 650 | 1 | 4 | |a POLITICA CULTURAL |z CUBA |
| 773 | 0 | |g Número 52 (165): 163-172 ; septiembre-diciembre, 2010 |q 163-172 |t Islas : revista de la Universidad Central de Las Villas, Santa Clara, Cuba. | |
| 942 | |2 ddc |c ARC | ||
| 999 | |c 3552 |d 3552 | ||
